LIBRARY & INFORMATION CENTRE, KCAET, TAVANUR

ONLINE PUBLIC ACCESS CATALOGUE (OPAC)

Sericulture Handbook- Study Material Book- Part -I (Record no. 14551)

MARC details
000 -LEADER
fixed length control field 00339nam a22001337a 4500
020 ## - INTERNATIONAL STANDARD BOOK NUMBER
ISBN 9788176222935
082 ## - DEWEY DECIMAL CLASSIFICATION NUMBER
Classification number 638.2
Item number AMA/SE
100 ## - MAIN ENTRY--AUTHOR NAME
Personal name Amardev Singh
100 ## - MAIN ENTRY--AUTHOR NAME
Personal name Ravinder Kumar
245 ## - TITLE STATEMENT
Title Sericulture Handbook- Study Material Book- Part -I
260 ## - PUBLICATION, DISTRIBUTION, ETC. (IMPRINT)
Place of publication New Delhi
Name of publisher Biotech Books
Year of publication 2013
300 ## - PHYSICAL DESCRIPTION
Number of Pages 373
942 ## - ADDED ENTRY ELEMENTS (KOHA)
Koha item type Books
Holdings
Withdrawn status Lost status Damaged status Collection code Home library Current library Shelving location Date acquired Source of acquisition Cost, normal purchase price Full call number Accession Number Koha item type
        KAUAET KAUAET General Stacks 16/07/2016 Southern Book Star, Tvm 1800.00 638.2 AMA/SE 24553 Books
free website counter